[Event "?"]
[Site "?"]
[Date "????.??.??"]
[Round "?"]
[White "Stuerzenbaum, A."]
[Black "Winiwarter, F."]
[Result "1-0"]
[WhiteElo "2192"]
[BlackElo "2195"]
[PlyCount "131"]
[EventDate "2010.??.??"]
[WhiteTeam "Wien 2"]
[BlackTeam "Salzburg"]

1. e4 c5 2. Nf3 Nc6 3. d4 cxd4 4. Nxd4 Nf6 5. Nc3 e5 6. Ndb5 d6 7. Bg5 a6 8.
Na3 b5 9. Bxf6 gxf6 10. Nd5 Bg7 11. Bd3 O-O 12. O-O Ne7 13. Nxe7+ Qxe7 14. c4
f5 15. Qf3 bxc4 16. Nxc4 d5 17. exd5 e4 18. Qe3 Qf6 19. Bc2 Bb7 20. Rad1 Rad8
21. d6 Qe6 22. b3 Bd5 23. Qc5 Bxc4 24. bxc4 Rc8 25. Qd5 Qxd5 26. Rxd5 Rxc4 27.
Bb3 Rd4 28. Rd1 Rxd1+ 29. Bxd1 Bf6 30. Rxf5 Kg7 31. Rd5 Bd8 32. d7 f5 33. Re5
Kf6 34. Re8 Kf7 35. Bb3+ Kg7 36. Kf1 a5 37. Be6 f4 38. Rxf8 Kxf8 39. Bf5 Ke7
40. Bxh7 Kxd7 41. Bxe4 Kd6 42. a4 Ke5 43. Bc6 Be7 44. Ke2 Kd6 45. Be4 Ke5 46.
Kf3 Bc5 47. g3 fxg3 48. hxg3 Bb6 49. Bc6 Kd6 50. Bb5 Ke5 51. Kg2 Ke4 52. Bc6+
Ke5 53. f4+ Kf6 54. Kf3 Bd8 55. g4 Kg6 56. Be8+ Kg7 57. g5 Bb6 58. Kg4 Be3 59.
f5 Bd4 60. Bb5 Bc3 61. f6+ Kg6 62. Be8+ Kh7 63. Kf5 Bd2 64. Bh5 Bc3 65. g6+ Kh8
66. g7+ 1-0

[Event "?"]
[Site "?"]
[Date "????.??.??"]
[Round "?"]
[White "Titz, H."]
[Black "Hackbarth, W."]
[Result "1/2-1/2"]
[WhiteElo "2041"]
[BlackElo "2136"]
[PlyCount "44"]
[EventDate "2010.??.??"]
[WhiteTeam "Wien 2"]
[BlackTeam "Salzburg"]

1. e4 e5 2. Nf3 Nc6 3. Bb5 a6 4. Ba4 Nf6 5. d3 d6 6. c3 Be7 7. O-O O-O 8. Re1
b5 9. Bc2 Bb7 10. Nbd2 Nb8 11. Nf1 Nbd7 12. Ng3 g6 13. Bh6 Re8 14. Bb3 Ng4 15.
Bd2 Nc5 16. Bc2 Bf8 17. h3 Nf6 18. Be3 Bg7 19. Qd2 Qd7 20. b4 Ne6 21. Ng5 Nxg5
22. Bxg5 d5 1/2-1/2

[Event "?"]
[Site "?"]
[Date "????.??.??"]
[Round "?"]
[White "Gunnarsson, G."]
[Black "James, G."]
[Result "1/2-1/2"]
[WhiteElo "2231"]
[BlackElo "2203"]
[PlyCount "53"]
[EventDate "2010.??.??"]
[WhiteTeam "KR Reykjavik"]
[BlackTeam "England 1"]

1. d4 Nf6 2. c4 e6 3. Nc3 Bb4 4. Qc2 O-O 5. Bg5 h6 6. Bh4 d6 7. Nf3 Qe7 8. e3
e5 9. Bxf6 Qxf6 10. a3 Bxc3+ 11. Qxc3 Re8 12. Be2 Nc6 13. d5 Ne7 14. Nd2 Bf5
15. e4 Bh7 16. O-O Qg5 17. Bd3 Ng6 18. Rfe1 Nh4 19. Bf1 f5 20. Kh1 fxe4 21.
Nxe4 Qf4 22. f3 Rf8 23. c5 Bxe4 24. Rxe4 Qf6 25. cxd6 cxd6 26. Qb4 Nf5 27. Rc1
1/2-1/2

[Event "?"]
[Site "?"]
[Date "????.??.??"]
[Round "?"]
[White "Jonsson, I."]
[Black "Scholes, J."]
[Result "1/2-1/2"]
[WhiteElo "1915"]
[BlackElo "2115"]
[PlyCount "145"]
[EventDate "2010.??.??"]
[WhiteTeam "KR Reykjavik"]
[BlackTeam "England 1"]

1. e4 c5 2. Nf3 e6 3. d4 cxd4 4. Nxd4 Nf6 5. Bd3 Nc6 6. Nxc6 dxc6 7. O-O e5 8.
Bg5 Be7 9. Qe1 Qc7 10. Qc3 Nxe4 11. Bxe4 Bxg5 12. Re1 O-O 13. Na3 f5 14. Bd5+
Kh8 15. Bb3 Bf6 16. Qc5 Qe7 17. Qxe7 Bxe7 18. Nc4 e4 19. Ne5 g6 20. c3 Bf6 21.
Nf7+ Kg7 22. Nd6 a5 23. a4 b6 24. Rad1 Ba6 25. Nc4 Bxc4 26. Bxc4 Rfd8 27. Kf1
Rxd1 28. Rxd1 Rd8 29. Rxd8 Bxd8 30. Ba6 Bg5 31. Ke2 Bc1 32. b4 Kf6 33. Bb7 c5
34. bxa5 bxa5 35. Kd1 Bf4 36. h3 h5 37. Ke2 Be5 38. c4 h4 39. f3 exf3+ 40. Kxf3
Bg3 41. Bc6 Ke5 42. Bb5 Kd4 43. Ba6 g5 44. Bb5 Kc3 45. Ba6 Kb4 46. Bb5 Kb3 47.
Ke2 g4 48. Kf1 Kc3 49. Ba6 Kd3 50. Bb5 Ke3 51. Bd7 Kf4 52. Bc8 gxh3 53. gxh3
Ke4 54. Ke2 Be5 55. Bd7 Bd4 56. Kf1 f4 57. Bc8 f3 58. Bd7 Ke3 59. Bc6 Be5 60.
Bb5 Bg3 61. Bc6 Kd3 62. Bb5 Kc3 63. Ba6 Kb3 64. Bb5 Kb4 65. Kg1 Kc3 66. Kf1 Kd3
67. Ba6 Ke3 68. Bb5 Be5 69. Ba6 Kf4 70. Bc8 Kg3 71. Bd7 Bd4 72. Bc8 f2 73. Bd7
1/2-1/2

[Event "?"]
[Site "?"]
[Date "????.??.??"]
[Round "?"]
[White "Potthammel, J."]
[Black "Stimpel, F."]
[Result "1/2-1/2"]
[WhiteElo "2117"]
[BlackElo "2264"]
[PlyCount "36"]
[EventDate "2010.??.??"]
[WhiteTeam "Mecklenburg-Vorp.1"]
[BlackTeam "Hessen 2"]

1. e4 e6 2. d4 d5 3. Nc3 Nf6 4. Bg5 dxe4 5. Nxe4 Be7 6. Bxf6 gxf6 7. Nf3 b6 8.
Bb5+ Bd7 9. Qe2 f5 10. Ng3 Bxb5 11. Qxb5+ c6 12. Qe2 Nd7 13. O-O-O O-O 14. Rhe1
Re8 15. Qe3 Bf6 16. Nh5 Bg7 17. Ne5 Nxe5 18. dxe5 Qh4 1/2-1/2

[Event "?"]
[Site "?"]
[Date "????.??.??"]
[Round "?"]
[White "Limberg, S."]
[Black "Wiemer, J."]
[Result "1/2-1/2"]
[WhiteElo "2152"]
[BlackElo "2136"]
[PlyCount "51"]
[EventDate "2010.??.??"]
[WhiteTeam "Hessen 2"]
[BlackTeam "Mecklenburg-Vorp.1"]

1. d4 Nf6 2. Nf3 d5 3. e3 e6 4. Bd3 c6 5. Nbd2 Bd6 6. O-O Qc7 7. Re1 Nbd7 8. e4
dxe4 9. Nxe4 Bf4 10. c4 Bxc1 11. Rxc1 Nxe4 12. Rxe4 Nf6 13. Re1 O-O 14. Qe2 Qf4
15. Rcd1 b6 16. Bc2 Bb7 17. Qe3 Qg4 18. Ne5 Qh4 19. Nf3 Qh5 20. Qd3 c5 21. Re5
Qh6 22. Qe3 Qxe3 23. Rxe3 Ng4 24. Ra3 cxd4 25. Rxd4 Nf6 26. Kf1 1/2-1/2

[Event "?"]
[Site "?"]
[Date "????.??.??"]
[Round "?"]
[White "Krüger, G."]
[Black "Thieme, H."]
[Result "1-0"]
[WhiteElo "2019"]
[BlackElo "2128"]
[PlyCount "79"]
[EventDate "2010.??.??"]
[WhiteTeam "Mecklenburg-Vorp.1"]
[BlackTeam "Hessen 2"]

1. e4 c5 2. Nf3 e6 3. c4 d6 4. d4 cxd4 5. Nxd4 a6 6. Nc3 Qc7 7. Be3 b6 8. Rc1
Bb7 9. f3 Be7 10. Qd2 Nd7 11. Qf2 Ngf6 12. b3 Rc8 13. Bd3 O-O 14. O-O Qb8 15.
Nde2 Bd8 16. Rfd1 Bc7 17. g3 Rfe8 18. Bb1 Qa8 19. Bf4 Qb8 20. Rd2 Ne5 21. Rcd1
Red8 22. Be3 Ba8 23. Kg2 b5 24. c5 Ba5 25. Rxd6 Bc6 26. Rxd8+ Rxd8 27. Rxd8+
Qxd8 28. Bd4 Qc7 29. a3 b4 30. Na2 Qb8 31. axb4 Bc7 32. Bc3 Bb5 33. Nac1 Nc6
34. Nd4 Ne5 35. Nxb5 Qxb5 36. Qc2 Nxf3 37. Qd3 Ng5 38. Qxb5 axb5 39. Bxf6 gxf6
40. h4 1-0

[Event "?"]
[Site "?"]
[Date "????.??.??"]
[Round "?"]
[White "Meier, W."]
[Black "Bondick, K."]
[Result "0-1"]
[WhiteElo "2199"]
[BlackElo "2167"]
[PlyCount "108"]
[EventDate "2010.??.??"]
[WhiteTeam "BSW Lok Dresden"]
[BlackTeam "Ottonen Magdeburg"]

1. c4 e5 2. Nc3 Nf6 3. g3 d5 4. cxd5 Nxd5 5. Bg2 Ne7 6. Nf3 Nbc6 7. d3 Nf5 8.
Bg5 f6 9. Bd2 Be6 10. O-O Be7 11. Ne4 Qd7 12. Bc3 O-O 13. Qd2 a5 14. Rfd1 Rfd8
15. b3 Qe8 16. Qb2 b5 17. Be1 Ra6 18. Rdc1 Qf8 19. Qc2 Ncd4 20. Qd1 Nxf3+ 21.
Bxf3 c5 22. Bg4 Nd4 23. Bxe6+ Nxe6 24. a4 b4 25. f3 f5 26. Nf2 Qf7 27. Rc4 g5
28. Bd2 h5 29. Rb1 Qg7 30. Qf1 Nd4 31. Be3 Ne6 32. Bd2 Kf7 33. Qg2 g4 34. Be3
Nd4 35. Bxd4 exd4 36. fxg4 hxg4 37. Rf1 Kg8 38. Nd1 Qe5 39. Qf2 Rf8 40. e3 Re6
41. exd4 cxd4 42. Qg2 Bg5 43. Rc6 Rfe8 44. Rxe6 Qxe6 45. Qf2 Be3 46. Nxe3 dxe3
47. Qe2 Kg7 48. Rf4 Kg6 49. Rc4 Qd5 50. Rc7 Qxb3 51. h3 gxh3 52. g4 f4 53. d4
Qb1+ 54. Kh2 Qe4 0-1

[Event "?"]
[Site "?"]
[Date "????.??.??"]
[Round "?"]
[White "Eskandary, J."]
[Black "Andreas, G."]
[Result "1-0"]
[WhiteElo "2139"]
[BlackElo "1990"]
[PlyCount "51"]
[EventDate "2010.??.??"]
[WhiteTeam "BSW Lok Dresden"]
[BlackTeam "Ottonen Magdeburg"]

1. e4 c5 2. Nc3 Nc6 3. Bc4 g6 4. d3 Bg7 5. Be3 d6 6. Qd2 Be6 7. Nge2 Bxc4 8.
dxc4 Ne5 9. b3 Ng4 10. Bg5 Qd7 11. f3 Ne5 12. O-O O-O-O 13. a4 h5 14. a5 Nc6
15. Ra3 Kb8 16. Rd1 f6 17. Be3 Qe8 18. a6 b6 19. Nb5 f5 20. Nf4 e6 21. Nxd6 Qd7
22. Nxg6 Rh7 23. exf5 exf5 24. Nb7 Qxd2 25. Bxd2 Kc8 26. Nxd8 1-0

[Event "?"]
[Site "?"]
[Date "????.??.??"]
[Round "?"]
[White "Graßmann, H."]
[Black "Schwier, M."]
[Result "1/2-1/2"]
[WhiteElo "1964"]
[BlackElo "2165"]
[PlyCount "35"]
[EventDate "2010.??.??"]
[WhiteTeam "Ottonen Magdeburg"]
[BlackTeam "BSW Lok Dresden"]

1. d4 d5 2. c4 e6 3. Nc3 f5 4. Nf3 Nf6 5. Bg5 Be7 6. e3 c6 7. cxd5 exd5 8. Bd3
Ne4 9. Bxe7 Qxe7 10. Ne5 O-O 11. O-O Nd7 12. f4 Nxe5 13. fxe5 Be6 14. Qc2 g6
15. Nxe4 fxe4 16. Be2 Bf5 17. Rac1 Rac8 18. Rf2 1/2-1/2

[Event "?"]
[Site "?"]
[Date "????.??.??"]
[Round "?"]
[White "Walter, G."]
[Black "Niebuhr, G."]
[Result "1/2-1/2"]
[WhiteElo "2281"]
[BlackElo "2079"]
[PlyCount "36"]
[EventDate "2010.??.??"]
[WhiteTeam "Brandenburg"]
[BlackTeam "FB Niedersachsen"]

1. e4 e5 2. Nf3 Nc6 3. Bb5 a6 4. Ba4 d6 5. c3 Nge7 6. d4 Bd7 7. O-O Ng6 8. Re1
Be7 9. Nbd2 O-O 10. Nf1 Bg4 11. d5 Nh4 12. dxc6 Bxf3 13. gxf3 b5 14. Bb3 Qc8
15. Kh1 Qh3 16. Ne3 Nxf3 17. Nf1 Nh4 18. Ne3 Nf3 1/2-1/2

[Event "?"]
[Site "?"]
[Date "????.??.??"]
[Round "?"]
[White "Hellwege, W."]
[Black "Tröger, R."]
[Result "1/2-1/2"]
[WhiteElo "2000"]
[BlackElo "2159"]
[PlyCount "42"]
[EventDate "2010.??.??"]
[WhiteTeam "FB Niedersachsen"]
[BlackTeam "Brandenburg"]

1. d4 g6 2. e4 Bg7 3. Bc4 d6 4. Nf3 Nf6 5. Nc3 c6 6. O-O O-O 7. Re1 b5 8. Bf1
b4 9. Nb1 Bb7 10. c3 c5 11. d5 Nbd7 12. Nbd2 a5 13. Qc2 Ng4 14. a3 bxc3 15.
bxc3 Ba6 16. Bxa6 Rxa6 17. Rb1 Nge5 18. Nxe5 Nxe5 19. f4 Nd7 20. Nc4 Nb6 21.
Nxb6 Rxb6 1/2-1/2

[Event "?"]
[Site "?"]
[Date "????.??.??"]
[Round "?"]
[White "Skorna, U."]
[Black "Jürgens, P."]
[Result "1-0"]
[WhiteElo "2101"]
[BlackElo "2014"]
[PlyCount "67"]
[EventDate "2010.??.??"]
[WhiteTeam "Brandenburg"]
[BlackTeam "FB Niedersachsen"]

1. e4 e6 2. d4 d5 3. Nc3 Bb4 4. e5 c5 5. Bd2 Ne7 6. Nb5 Bxd2+ 7. Qxd2 O-O 8. f4
cxd4 9. Nf3 Nbc6 10. Bd3 a6 11. Nd6 f6 12. O-O Bd7 13. Qe1 h6 14. a3 Qc7 15.
Qh4 Nc8 16. Nxc8 Raxc8 17. Rae1 f5 18. g4 fxg4 19. Qxg4 Ne7 20. Nh4 Rf7 21. Kh1
Qb6 22. Rg1 Bb5 23. Bg6 Nxg6 24. Qxg6 Qc6 25. Rg2 d3 26. cxd3 d4 27. h3 Qd7 28.
f5 Re8 29. Rg3 Qd5+ 30. Kh2 Qb3 31. f6 Qxb2+ 32. Rg2 Qc3 33. Qxf7+ Kxf7 34.
Rxg7+ 1-0

[Event "?"]
[Site "?"]
[Date "????.??.??"]
[Round "?"]
[White "Jongsma, A."]
[Black "Pekun, C."]
[Result "1-0"]
[WhiteElo "2184"]
[BlackElo "2229"]
[PlyCount "106"]
[EventDate "2010.??.??"]
[WhiteTeam "V.A.S. Amsterdam"]
[BlackTeam "Türkei"]
[BlackTeamCountry "TUR"]

1. e4 c5 2. Nf3 e6 3. Nc3 a6 4. a4 Qc7 5. g3 Nc6 6. Bg2 Nge7 7. O-O g6 8. d4
cxd4 9. Nxd4 Bg7 10. Be3 O-O 11. Nb3 b6 12. Nd5 exd5 13. exd5 Nxd5 14. Bxd5 Bb7
15. c4 Bxb2 16. Rb1 Bc3 17. Nd2 Bd4 18. Bf4 Be5 19. Bh6 Bg7 20. Be3 Bd4 21. Ne4
Bxe3 22. fxe3 Kg7 23. Qd2 Rae8 24. Qb2+ Ne5 25. Bxb7 Qxb7 26. Nd6 Qa8 27. Nxe8+
Rxe8 28. Qd4 Kg8 29. e4 Qc6 30. Rxb6 Qxa4 31. Rbf6 Qxc4 32. Qxc4 Nxc4 33. Rxf7
Ne5 34. R7f6 a5 35. Ra6 Nc6 36. Rd1 Re7 37. Kf2 Kg7 38. Ke3 Kh6 39. h4 Kg7 40.
Ra8 h5 41. Rd6 Ne5 42. Rd5 Nc6 43. Rc8 Kf6 44. Rd6+ Kf7 45. Rc7 Ne5 46. Rd5 Ke6
47. Rxa5 Rf7 48. Ra6+ Ke7 49. Kd4 Nf3+ 50. Kd5 g5 51. hxg5 Nxg5 52. Rg6 Ne6 53.
Rxe6+ Kd8 1-0

[Event "?"]
[Site "?"]
[Date "????.??.??"]
[Round "?"]
[White "Ozbilen, H."]
[Black "Oud, N."]
[Result "0-1"]
[WhiteElo "2109"]
[BlackElo "2038"]
[PlyCount "90"]
[EventDate "2010.??.??"]
[WhiteTeam "Türkei"]
[BlackTeam "V.A.S. Amsterdam"]
[WhiteTeamCountry "TUR"]

1. e4 c5 2. Nc3 Nc6 3. f4 d6 4. Nf3 Nf6 5. Bc4 g6 6. O-O Bg7 7. d3 O-O 8. a4 a6
9. Qe1 Rb8 10. Kh1 Na5 11. Ba2 b5 12. axb5 axb5 13. Nd5 Nxd5 14. Bxd5 b4 15.
Qh4 Nb7 16. Ra7 e6 17. Bb3 Qxh4 18. Nxh4 Nd8 19. Ba4 Bb7 20. Nf3 Ra8 21. Rxa8
Bxa8 22. b3 Nc6 23. Be3 Rc8 24. f5 exf5 25. exf5 Nd4 26. Bxd4 cxd4 27. fxg6
hxg6 28. Rf2 Bh6 29. Bb5 Be3 30. Re2 Kg7 31. Bc4 Bc6 32. c3 bxc3 33. b4 Rb8 34.
Bb3 Rxb4 35. Bc2 Rb2 36. h3 Ba4 37. Ne1 Bc6 38. Nf3 Bxf3 39. gxf3 Bd2 40. Ba4
c2 41. Bxc2 Rxc2 42. Kg2 Rb2 43. Re4 Bf4+ 44. Kf1 Be3 45. f4 Rf2+ 0-1

[Event "?"]
[Site "?"]
[Date "????.??.??"]
[Round "?"]
[White "Krieger, H."]
[Black "Schmidt, M."]
[Result "0-1"]
[WhiteElo "2257"]
[BlackElo "2128"]
[PlyCount "88"]
[EventDate "2010.??.??"]
[WhiteTeam "Pfalz"]
[BlackTeam "Dresden-Striesen"]

1. e4 e6 2. d4 d5 3. Nd2 Nf6 4. e5 Nfd7 5. f4 c5 6. c3 Nc6 7. Ndf3 Qb6 8. a3 f6
9. b4 cxd4 10. cxd4 Be7 11. Bd3 O-O 12. Ne2 fxe5 13. dxe5 g6 14. Qc2 Kg7 15. h4
Rf7 16. h5 Nf8 17. hxg6 hxg6 18. g4 Bd7 19. b5 Na5 20. Ned4 Kg8 21. Be3 Rc8 22.
Qf2 Qc5 23. Ne2 d4 24. Nfxd4 Qd5 25. Qf3 Qxf3 26. Nxf3 Nc4 27. Bxc4 Rxc4 28. a4
a6 29. Ned4 Rb4 30. Bd2 Rb2 31. Kd1 Bb4 32. Bc1 Rg2 33. g5 Be8 34. Nc2 Rd7+ 35.
Nfd4 Bc3 36. Ra3 Bxd4 37. Rd3 Bb6 38. Rxd7 Bxd7 39. Ba3 axb5 40. Bxf8 Kxf8 41.
Rh7 Bc6 42. axb5 Be4 43. Ne1 Rb2 44. Rh8+ Kg7 0-1

[Event "?"]
[Site "?"]
[Date "????.??.??"]
[Round "?"]
[White "Deppe, C."]
[Black "Bold, K."]
[Result "1/2-1/2"]
[WhiteElo "1931"]
[BlackElo "2149"]
[PlyCount "80"]
[EventDate "2010.??.??"]
[WhiteTeam "Dresden-Striesen"]
[BlackTeam "Pfalz"]

1. f4 g6 2. Nf3 Bg7 3. e3 c5 4. Be2 Nc6 5. O-O e6 6. c3 Nge7 7. d4 cxd4 8. cxd4
O-O 9. Nc3 d6 10. Bd2 b6 11. Be1 Nf5 12. Bf2 Bb7 13. e4 Nfe7 14. Bh4 Qd7 15.
Qa4 Rfd8 16. Rad1 d5 17. e5 a6 18. Qc2 Rdc8 19. Qd2 b5 20. Bf6 Bxf6 21. exf6
Nf5 22. g4 Nd6 23. f5 Ne8 24. fxg6 hxg6 25. Nh4 Kh7 26. Qg5 Nd6 27. Nxg6 fxg6
28. Qh4+ Kg8 29. Qh6 Qh7 30. f7+ Nxf7 31. Qxh7+ Kxh7 32. Rxf7+ Kh6 33. Rxb7 e5
34. h4 g5 35. h5 Nxd4 36. Rxd4 exd4 37. Bd3 Rh8 38. Nxd5 Rab8 39. Ra7 Ra8 40.
Rb7 Rab8 1/2-1/2

[Event "?"]
[Site "?"]
[Date "????.??.??"]
[Round "?"]
[White "Keller, L."]
[Black "Barz, H."]
[Result "1/2-1/2"]
[WhiteElo "2086"]
[BlackElo "2030"]
[PlyCount "86"]
[EventDate "2010.??.??"]
[WhiteTeam "Pfalz"]
[BlackTeam "Dresden-Striesen"]

1. e4 c5 2. Nf3 Nc6 3. d4 cxd4 4. Nxd4 g6 5. c4 Bg7 6. Be3 Nf6 7. Nc3 Ng4 8.
Qxg4 Nxd4 9. Qd1 Ne6 10. Qd2 d6 11. Be2 O-O 12. O-O Bd7 13. Rad1 Bc6 14. Nd5 b6
15. Bh6 Nc7 16. Bxg7 Kxg7 17. f4 Nxd5 18. cxd5 Bd7 19. f5 Rc8 20. Rf3 f6 21. h4
Rg8 22. fxg6 hxg6 23. Rc1 Rxc1+ 24. Qxc1 Bg4 25. Re3 Qd7 26. Ba6 Qa4 27. Bb7
Qd4 28. Qc3 Qa4 29. Qc7 Qd1+ 30. Kh2 Kf7 31. e5 fxe5 32. Qc4 Qd4 33. Qxd4 exd4
34. Re4 Bc8 35. Bxc8 Rxc8 36. Rxd4 Rc2 37. Ra4 a5 38. b4 Rc4 39. Kh3 Kf6 40.
Ra3 Rxb4 41. Rf3+ Kg7 42. Rg3 Kf6 43. Rf3+ Kg7 1/2-1/2

[Event "?"]
[Site "?"]
[Date "????.??.??"]
[Round "?"]
[White "Groschup, G."]
[Black "Betz, E."]
[Result "1-0"]
[WhiteElo "1992"]
[BlackElo "2011"]
[PlyCount "95"]
[EventDate "2010.??.??"]
[WhiteTeam "Dresden-Striesen"]
[BlackTeam "Pfalz"]

1. d4 f5 2. c4 Nf6 3. Nc3 g6 4. Nf3 Bg7 5. e3 d6 6. Qb3 O-O 7. Be2 h6 8. O-O
Qe8 9. Rd1 Kh7 10. Qc2 c6 11. b3 Na6 12. a3 Nc7 13. Bb2 e5 14. dxe5 dxe5 15.
Rd2 e4 16. Nd4 a6 17. b4 Qe7 18. Na4 Ne6 19. Nb6 Rb8 20. Nxe6 Bxe6 21. Bd4 Qc7
22. c5 Nd5 23. Bc4 Bxd4 24. Rxd4 f4 25. Nxd5 Bxd5 26. Bxd5 cxd5 27. Rxd5 fxe3
28. fxe3 Rbe8 29. Rad1 Qf7 30. Rd7 Re7 31. Qd2 Rfe8 32. Qd5 Rxd7 33. Qxd7 Re7
34. Qd8 h5 35. h3 Qg7 36. Rd4 Rf7 37. Qd5 Qf6 38. Rxe4 Qf2+ 39. Kh2 Rf5 40.
Qxb7+ Kh6 41. h4 Rf3 42. Qb8 Qb2 43. Rd4 Rf7 44. Qh8+ Rh7 45. Qf6 Rg7 46. Qf4+
Kh7 47. e4 Qa2 48. c6 1-0

[Event "?"]
[Site "?"]
[Date "????.??.??"]
[Round "?"]
[White "Johansson, P."]
[Black "Weiß, W."]
[Result "1/2-1/2"]
[WhiteElo "2060"]
[BlackElo "2199"]
[PlyCount "31"]
[EventDate "2010.??.??"]
[WhiteTeam "Schweden 3"]
[BlackTeam "Stiftg BSW/DBAG 1"]

1. d4 d6 2. Nf3 Nf6 3. g3 Bg4 4. c4 Nbd7 5. Bg2 c6 6. Nc3 e5 7. O-O Be7 8. h3
Bh5 9. Nh4 Bg6 10. Bg5 Qb6 11. dxe5 dxe5 12. Na4 Qc7 13. Rc1 Rd8 14. Qb3 Bh5
15. Nf5 Bf8 16. g4 1/2-1/2

[Event "?"]
[Site "?"]
[Date "????.??.??"]
[Round "?"]
[White "Kugelmann, W."]
[Black "Gustavsson, S."]
[Result "1-0"]
[WhiteElo "2210"]
[BlackElo "2029"]
[PlyCount "85"]
[EventDate "2010.??.??"]
[WhiteTeam "Stiftg BSW/DBAG 1"]
[BlackTeam "Schweden 3"]

1. e4 c5 2. Nf3 Nc6 3. c3 d5 4. exd5 Qxd5 5. d4 e6 6. Be2 cxd4 7. cxd4 Nf6 8.
O-O Be7 9. Nc3 Qd8 10. Bf4 O-O 11. Qd2 b6 12. Rfd1 Nb4 13. Ne5 Bb7 14. Rac1 Rc8
15. a3 Nbd5 16. Nxd5 Nxd5 17. Bg3 Rxc1 18. Rxc1 Bg5 19. f4 Bf6 20. Bf3 Bxe5 21.
dxe5 Qd7 22. Rd1 Qc7 23. f5 Rc8 24. Be4 Qc4 25. Bb1 Qb3 26. Re1 Qc4 27. h3 Ba6
28. Kh2 Ne7 29. f6 Ng6 30. fxg7 Kxg7 31. Qg5 Qc7 32. Bh4 Re8 33. Bxg6 fxg6 34.
Rc1 Qf7 35. Rc2 Qf5 36. Rc7+ Kg8 37. Qh6 Qxe5+ 38. Bg3 Qh8 39. Qe3 Qf6 40. Be5
Qf5 41. Rg7+ Kf8 42. Rxa7 Bc4 43. Qh6+ 1-0

[Event "?"]
[Site "?"]
[Date "????.??.??"]
[Round "?"]
[White "Sandklef, A."]
[Black "Siegmund, R."]
[Result "0-1"]
[WhiteElo "2009"]
[BlackElo "2134"]
[PlyCount "59"]
[EventDate "2010.??.??"]
[WhiteTeam "Schweden 3"]
[BlackTeam "Stiftg BSW/DBAG 1"]

1. d4 Nf6 2. c4 e6 3. Nc3 Bb4 4. e3 c5 5. Nge2 cxd4 6. exd4 d5 7. a3 Be7 8. Ng3
dxc4 9. Bxc4 O-O 10. O-O Nbd7 11. Bb3 Nb6 12. Nge2 Bd7 13. Bg5 Bc6 14. Qd2 Nfd5
15. Bxe7 Qxe7 16. Rfe1 Rfd8 17. Rac1 Nxc3 18. Nxc3 Qf6 19. Rcd1 Rd7 20. Qe3 h6
21. Qe5 Rad8 22. f3 Rxd4 23. Rxd4 Rxd4 24. Qb8+ Rd8 25. Qg3 Rd2 26. Nd1 Qd8 27.
Kh1 Bd5 28. Bxd5 Nxd5 29. Nc3 Nxc3 30. bxc3 0-1

[Event "?"]
[Site "?"]
[Date "????.??.??"]
[Round "?"]
[White "Fleuch, H."]
[Black "Ohrn, S."]
[Result "1/2-1/2"]
[WhiteElo "2121"]
[BlackElo "1991"]
[PlyCount "65"]
[EventDate "2010.??.??"]
[WhiteTeam "Stiftg BSW/DBAG 1"]
[BlackTeam "Schweden 3"]

1. e4 d5 2. Nc3 dxe4 3. Nxe4 e5 4. Bb5+ c6 5. Bc4 Bf5 6. Ng3 Bg6 7. Nf3 Bd6 8.
O-O Ne7 9. d4 Nd7 10. c3 O-O 11. Bb3 h6 12. Re1 exd4 13. Nxd4 Nf6 14. Qf3 Ned5
15. Ndf5 Re8 16. Rxe8+ Nxe8 17. c4 Ne7 18. Nxd6 Nxd6 19. Bf4 Ndf5 20. Ne2 Bh7
21. Be5 Qe8 22. Bc3 Rd8 23. Re1 Qd7 24. Nf4 Nh4 25. Qe2 Neg6 26. Nxg6 Bxg6 27.
Qe3 b6 28. c5 Nf5 29. Qe5 Kh7 30. h3 f6 31. Qf4 bxc5 32. Qc4 Nd4 33. Rd1
1/2-1/2

[Event "?"]
[Site "?"]
[Date "????.??.??"]
[Round "?"]
[White "Mostertman, L."]
[Black "Pape, M."]
[Result "1/2-1/2"]
[WhiteElo "2077"]
[BlackElo "2246"]
[PlyCount "101"]
[EventDate "2010.??.??"]
[WhiteTeam "Oranjeteam 2"]
[BlackTeam "Widukind 1"]

1. e4 c5 2. d4 cxd4 3. Nf3 Nc6 4. c3 dxc3 5. Nxc3 d6 6. Bc4 Nf6 7. e5 dxe5 8.
Qxd8+ Kxd8 9. Ng5 Na5 10. Bxf7 e6 11. Be3 Bd6 12. O-O-O Ke7 13. Nb5 Nd5 14.
Nxd6 Kxd6 15. b4 Nc4 16. Bc5+ Kc6 17. Nxe6 Bxe6 18. Bxe6 Rhd8 19. Be7 Nxe7 20.
Bxc4 a5 21. Rxd8 Rxd8 22. bxa5 Kc5 23. Be2 Nc6 24. Rd1 Rxd1+ 25. Kxd1 Nxa5 26.
Bd3 h6 27. Kc2 Kd4 28. f3 b6 29. Kd2 Nb7 30. Bb5 Nd6 31. Bc6 Nc4+ 32. Ke2 Ne3
33. g3 g5 34. h3 Nf5 35. Kf2 Nd6 36. Ke2 b5 37. Ba8 b4 38. Bc6 Nf5 39. Kf2 Nd6
40. Ke2 h5 41. h4 gxh4 42. gxh4 Nf5 43. Be8 Nxh4 44. Bxh5 Ng2 45. Kd2 Ne3 46.
Bf7 Nf5 47. Be8 Nd6 48. Bc6 Nc4+ 49. Kc2 Ke3 50. Bd5 Nd2 51. Bb7 1/2-1/2

[Event "?"]
[Site "?"]
[Date "????.??.??"]
[Round "?"]
[White "Nagorni, W."]
[Black "Versteeg, C."]
[Result "1-0"]
[WhiteElo "2093"]
[BlackElo "2052"]
[PlyCount "61"]
[EventDate "2010.??.??"]
[WhiteTeam "Widukind 1"]
[BlackTeam "Oranjeteam 2"]

1. Nf3 Nf6 2. c4 c5 3. g3 g6 4. Bg2 Bg7 5. O-O O-O 6. Nc3 Nc6 7. d4 cxd4 8.
Nxd4 Nxd4 9. Qxd4 d6 10. Qd3 a6 11. Rd1 Qc7 12. Bg5 Be6 13. b3 h6 14. Bd2 Rab8
15. Rac1 Qd7 16. e4 Ng4 17. f4 b5 18. c5 dxc5 19. Qxd7 Bxd7 20. e5 h5 21. Ne4
Bf5 22. Nxc5 Bc8 23. h3 Nh6 24. Ba5 b4 25. Bc7 Rb5 26. Bf1 Nf5 27. Bxb5 axb5
28. Kf2 f6 29. e6 g5 30. Nd7 Re8 31. Rc5 1-0

[Event "?"]
[Site "?"]
[Date "????.??.??"]
[Round "?"]
[White "Westerman, H."]
[Black "Rychlik, K."]
[Result "0-1"]
[WhiteElo "1909"]
[BlackElo "2075"]
[PlyCount "94"]
[EventDate "2010.??.??"]
[WhiteTeam "Oranjeteam 2"]
[BlackTeam "Widukind 1"]

1. c4 e5 2. g3 Nf6 3. Bg2 Bc5 4. Nc3 O-O 5. e3 Re8 6. Nge2 Nc6 7. O-O d6 8. d4
Bb6 9. b3 Bg4 10. h3 Bh5 11. Qd2 Ba5 12. d5 Bxe2 13. Re1 Bf3 14. Bxf3 e4 15.
Bg2 Ne5 16. Bb2 Qd7 17. Qe2 Qf5 18. g4 Qg6 19. Rf1 Nd3 20. Nxe4 Nxb2 21. f3
Nxe4 22. fxe4 Bc3 23. Rab1 Qh6 24. Rf4 Be5 25. Rf5 g6 26. Rxe5 Rxe5 27. Rxb2 f5
28. gxf5 gxf5 29. Qd3 Rae8 30. Rf2 fxe4 31. Qe2 Rg5 32. Kh2 Qg7 33. Rf4 Qe5 34.
Kh1 Qa1+ 35. Kh2 Kh8 36. Rg4 Reg8 37. Rxg5 Rxg5 38. Qf2 Qe5+ 39. Qf4 Qxf4+ 40.
exf4 e3 41. Bf3 Rg7 42. Be2 Kg8 43. Bd3 Kf7 44. Be2 Kf6 45. Bd3 h6 46. Kh1 Re7
47. Be2 Kf5 0-1

[Event "?"]
[Site "?"]
[Date "????.??.??"]
[Round "?"]
[White "Völpel, G."]
[Black "Mascini, J."]
[Result "1-0"]
[WhiteElo "2102"]
[BlackElo "1894"]
[PlyCount "103"]
[EventDate "2010.??.??"]
[WhiteTeam "Widukind 1"]
[BlackTeam "Oranjeteam 2"]

1. e4 c5 2. Nf3 Nc6 3. d4 cxd4 4. Nxd4 g6 5. c4 Bg7 6. Be3 Nf6 7. Nc3 Ng4 8.
Qxg4 Nxd4 9. Qd1 Ne6 10. Rc1 Qa5 11. a3 b6 12. Be2 Bb7 13. f3 g5 14. O-O Qe5
15. Qd2 h5 16. Rcd1 d6 17. Kh1 h4 18. Rb1 Rg8 19. Bd3 Nf4 20. Nb5 Ne6 21. Nc3
Bc6 22. Nd5 Bh6 23. Qf2 Kd7 24. Bd2 Qg7 25. Bc3 f6 26. Ne3 Qf7 27. Rfd1 Raf8
28. b4 Qh5 29. b5 Bb7 30. a4 Rc8 31. a5 Nc5 32. Be2 Qf7 33. Nf5 Bf8 34. Ne3 e6
35. Ng4 e5 36. Bxe5 Kc7 37. Bxf6 Bg7 38. Qd4 Qd7 39. e5 Rce8 40. Qc3 Re6 41.
Rd2 Qf7 42. axb6+ axb6 43. Rxd6 Rxd6 44. exd6+ Kxd6 45. Qe5+ Kd7 46. Rd1+ Kc8
47. Qf5+ Nd7 48. Ne5 Qxf6 49. Qxd7+ Kb8 50. Nc6+ Bxc6 51. bxc6 Rc8 52. Qb7# 1-0

[Event "?"]
[Site "?"]
[Date "????.??.??"]
[Round "?"]
[White "Happel, H."]
[Black "Kivipelto, K."]
[Result "1/2-1/2"]
[WhiteElo "2181"]
[BlackElo "2185"]
[PlyCount "81"]
[EventDate "2010.??.??"]
[WhiteTeam "Kgl SV  Den Haag"]
[BlackTeam "Helsinki"]

1. d4 Nf6 2. c4 c5 3. d5 b5 4. cxb5 a6 5. bxa6 Bxa6 6. Nc3 d6 7. Nf3 g6 8. g3
Bg7 9. Bg2 O-O 10. O-O Nbd7 11. Rb1 Qc7 12. Qc2 Rfb8 13. Rd1 Rb4 14. e4 Rab8
15. a3 Rb3 16. Nd2 R3b7 17. b3 c4 18. b4 Ne5 19. Nf3 Nd3 20. h3 Nxc1 21. Rbxc1
Nd7 22. Ne2 Ra8 23. Ned4 Bb5 24. Nxb5 Rxb5 25. Nd4 Bxd4 26. Rxd4 Qa7 27. Rxc4
Qxa3 28. Rb1 Rab8 29. Rc8+ Kg7 30. Rxb8 Nxb8 31. Qc4 Rb7 32. e5 Qa7 33. exd6
exd6 34. Qc3+ f6 35. b5 Nd7 36. Bf1 Rc7 37. Qe3 Qxe3 38. fxe3 Nb6 39. e4 f5 40.
exf5 gxf5 41. Ra1 1/2-1/2